| 000 | 01295 a2200193 4500 | ||
|---|---|---|---|
| 003 | Nust | ||
| 005 | 20221121172736.0 | ||
| 020 | _a070398402 | ||
| 040 | _cNust | ||
| 082 | _a621.381,MAL | ||
| 100 |
_aMalvion Albert Paul _9103300 |
||
| 245 |
_aExperiments for electronic principles / _cAlbert Paul Malvion & Gregory F Johnson |
||
| 260 |
_aMcGraw-Hill Book Company _bNew York _c1973 |
||
| 300 |
_a229 p _billus _c24 cm |
||
| 505 | _aCurrent and Voltage Sources (Page-1), Thevenin’s Theorem (Page-5), Semiconductor Theory (Page-9), PN Junction (Page-13), The Diode Curve(Page-17), Diode Approximations (Page-23), The Half Wave Rectifier (Page-27), Clippers and Peak Rectifiers (Page-33), Clamping Actions (Page-39), The CE Connection (Page-45), Collector Curves (Page-49) Base Bias (Page-53), Voltage Divider and Emitter Bias (Page-59), Collector Feedback Bias (Page-63), other Negative Feedback Circuits (Page-187), Gain Bandwidth Product (Page-193), The Wien Bridge Oscillator (Page-197), The LC Oscillator (Page-201), Harmonic Distortion (Page-205), The Frequency Mixer (Page-211), Amplitude Modulation (Page-217), The Envelope Detector (Page-221), Voltage Regulation (Page-225). | ||
| 600 |
_aMalvion Albert Paul _9103300 |
||
| 650 | _aTelecommunication Engineering | ||
| 942 |
_2ddc _cBK |
||
| 999 |
_c181333 _d181333 |
||